Due donne nel movimento femminista francese /

Uloženo v:
Podrobná bibliografie
Hlavní autoři: Tristan, Anne (Autor), Pisan, Annie : de (Autor)
Další autoři: Baldan, Paolo, (1943-)
Médium: Kniha
Jazyk:italština
Vydáno: Milano : Il saggiatore, 1978
Edice:I gabbiani. N. S ; 131
Témata:
Tagy: Přidat tag
Žádné tagy, Buďte první, kdo vytvoří štítek k tomuto záznamu!

MARC

LEADER 00000nam a22000007i 4500
001 IT\ICCU\SBL\0323253
003 ItRI
005 20260115232234.0
008 910930s1978 it |||||| ||||| |||||c
015 |2 IT  |a 807747 
040 |b ita  |c importazione bologna sebina 
041 7 |a ita  |2 ISO-639-2 
082 |a 301.412  |9 DONNA  |2 18 
100 1 |a Tristan, Anne  |0 IT\ICCU\MILV\109089  |4 aut 
240 1 0 |a Histoires du MLF .  |3 IT\ICCU\SBL\0323254  |9 Tristan, Anne 
245 1 0 |a Due donne nel movimento femminista francese /  |c Anne Tristan, Annie De Pisan ; traduzione di Paolo Baldan. 
260 |a Milano :  |b Il saggiatore,  |c 1978 
300 |a 279 p. ;  |c 18 cm. 
650 7 |a Movimento di liberazione della donna  |x Francia  |2 scbi 
700 1 |a Pisan, Annie : de  |0 IT\ICCU\IEIV\007779  |4 aut 
700 1 |a Baldan, Paolo,  |d  (1943-)  |0 IT\ICCU\CFIV\037740 
830 2 |a I gabbiani. N. S ;  |v 131  |0 IT\ICCU\CFI\0033112 
942 |2 ddc  |c BK  |n 0 
952 |0 0  |1 0  |4 0  |6 DOC_305_409000000000000_TRI  |7 0  |9 22627  |a BO  |b BO  |d 2026-01-15  |i 6110  |l 0  |o DOC 305.409 TRI  |p BO6110  |r 2026-01-15 23:22:34  |w 2026-01-15  |x [Sebina 5] [1 v.]  |y BK  |z 1 v. 
999 |c 19325  |d 19325